El espacio urbano de Cuenca en el siglo XV / (Record no. 181075)

MARC details
000 -LEADER
campo de control de longitud fija 00895nam a2200253 i 4500
001 - NÚMERO DE CONTROL
campo de control 181075
003 - IDENTIFICADOR DE NÚMERO DE CONTROL
campo de control ES-MaACL
005 - FECHA Y HORA DE LA ÚLTIMA TRANSACCIÓN
campo de control 20231007202322.0
008 - DATOS DE LONGITUD FIJA--INFORMACIÓN GENERAL
campo de control de longitud fija 121016s1997 sp | |||| ||spa d
020 ## - NÚMERO INTERNACIONAL ESTÁNDAR DEL LIBRO
Número Internacional Estándar del Libro 84-87319-18-1
080 ## - NÚMERO DE LA CLASIFICACIÓN DECIMAL UNIVERSAL
Número de la Clasificación Decimal Universal 711.4(460.283 C.)"14"
080 ## - NÚMERO DE LA CLASIFICACIÓN DECIMAL UNIVERSAL
Número de la Clasificación Decimal Universal 946.028.3 C."14"
100 1# - ENTRADA PRINCIPAL--NOMBRE DE PERSONA
Nombre de persona Sánchez Benito, José María.
9 (RLIN) 151617
245 13 - MENCIÓN DEL TÍTULO
Título El espacio urbano de Cuenca en el siglo XV /
Mención de responsabilidad, etc. José María Sánchez Benito.
260 ## - PUBLICACIÓN, DISTRIBUCIÓN, ETC.
Lugar de publicación, distribución, etc. [Cuenca] :
Nombre del editor, distribuidor, etc. Diputación Provincial de Cuenca, Sección de Publicaciones,
Fecha de publicación, distribución, etc. D.L. 1997.
300 ## - DESCRIPCIÓN FÍSICA
Extensión 139 p. ;
Dimensiones 24 cm.
490 1# - MENCIÓN DE SERIE
Mención de serie Serie Historia ;
Designación de volumen o secuencia n. 13
650 #4 - PUNTO DE ACCESO ADICIONAL DE MATERIA--TÉRMINO DE MATERIA
Término de materia o nombre geográfico como elemento de entrada Urbanismo-
Subdivisión geográfica Cuenca-
Subdivisión de forma Historia.
9 (RLIN) 151618
651 #4 - PUNTO DE ACCESO ADICIONAL DE MATERIA--NOMBRE GEOGRÁFICO
Nombre geográfico Cuenca-
Subdivisión general Historia-
Subdivisión cronológica S.XV.
9 (RLIN) 151619
830 0# - PUNTO DE ACCESO ADICIONAL DE SERIE-TÍTULO UNIFORME
Título uniforme Serie Historia ;
Designación de volumen o secuencia n. 13
9 (RLIN) 176514
852 ## - LOCALIZACIÓN
Ubicación ES-MaACL
Número de control de estantería A-12287
itemnumber 187958
Sublocalización o colección R.146824
Ubicación en estantería Depósito 1
Signatura antigua Olim: N-5292
942 ## - ELEMENTOS DE ENTRADA SECUNDARIOS (KOHA)
Fuente del sistema de clasificación o colocación Clasificación decimal universal
Tipo de ítem Koha Libro impreso
Holdings
Estatus retirado Estado de pérdida Fuente del sistema de clasificación o colocación Estado de daño No para préstamo Biblioteca de origen Biblioteca actual Ubicación en estantería Fecha de adquisición Fuente de adquisición Total de préstamos Signatura topográfica completa Código de barras Visto por última vez Precio de reemplazo Tipo de ítem Koha
    Clasificación decimal universal     Biblioteca del Ateneo de Madrid Biblioteca del Ateneo de Madrid Depósito 1 16/10/2012 Donación   A-12287 1190286 23/02/2023 23/02/2023 Libro impreso